Μαθηματική προσομοίωση υδροδυναμικών και μορφολογικών διεργασιών στην παραλία της Κατερίνης : πτυχιακή εργασία

Αποθηκεύτηκε σε:
Λεπτομέρειες βιβλιογραφικής εγγραφής
Κύριος συγγραφέας: Μαρμαρά, Δήμητρα Βασ
Συγγραφή απο Οργανισμό/Αρχή: Πανεπιστήμιο Αιγαίου Σχολή Περιβάλλοντος Τμήμα Επιστημών της Θάλασσας
Μορφή: Thesis Βιβλίο
Γλώσσα:Greek
Δημοσίευση: 2015.
Θέματα:
Διαθέσιμο Online:http://hdl.handle.net/11610/7385
Ετικέτες: Προσθήκη ετικέτας
Δεν υπάρχουν, Καταχωρήστε ετικέτα πρώτοι!

MARC

LEADER 00000cam a2200000 a 4500
001 1/110090
008 160226s2015####gr d ||| |||| ||gre||
040 |a GR-MyUa  |b gre  |c GR-MyUa  |e AACR2 
041 0 |a gre 
082 7 |a 551.457   |2 (23)  
100 1 |a Μαρμαρά, Δήμητρα Βασ. 
245 1 0 |a Μαθηματική προσομοίωση υδροδυναμικών και μορφολογικών διεργασιών στην παραλία της Κατερίνης :   |b πτυχιακή εργασία /   |c Μαρμαρά Δήμητρα ; επιβλέπων: Χασιώτης Θωμάς.  
260 |c 2015.  
300 |a [χ. αρ.] :   |b διαγρ. ;   |c 24 εκ.  
502 |a Πτυχιακή εργασία – Πανεπιστήμιο Αιγαίου, Λέσβος, 2015. 
504 |a Περιλαμβάνει βιβλιογραφία και παράρτημα.  
506 0 |a Ηλεκτρονική διάθεση στο πλήρες κείμενο - ελεύθερης πρόσβασης.  
650 0 |a Coast changes  |z Greece  |z Katerine. 
650 0 |a Coast changes  |x Computer simulation. 
650 0 |a Littoral drift. 
650 0 |a Beach erosion. 
650 0 |a Seashore. 
700 1 |a Χασιώτης, Θωμάς,  |e dgs 
710 2 |a Πανεπιστήμιο Αιγαίου  |b Σχολή Περιβάλλοντος  |b Τμήμα Επιστημών της Θάλασσας. 
852 |a INST  |b LESVOS  |c DIATR  |e 20160226  |h 919  |p 005100057340  |q 005100057340  |t DIE  |y 23 
852 |a INST  |b LESVOS  |c DIATR  |e 20160226  |h 920  |p 005100057341  |q 005100057341  |t DIE  |y 23 
856 |u http://hdl.handle.net/11610/7385 
924 |a Μαρμαρά  |b Δήμητρα  |y Λέσβος  |z 2015-05 
970 |a Τζαφέρη  |b Ευαγγελία  |z 26-02-2016